[Event "Quebec op U2000"]
[Site "Longueuil CAN"]
[Date "2018.07.25"]
[Round "6.35"]
[White "Lalumiere, Claude"]
[Black "Messier, David"]
[Result "1-0"]
[WhiteElo "1923"]
[BlackElo "1826"]
[PlyCount "73"]
[EventDate "2018.07.21"]
[EventType "swiss"]
[EventRounds "9"]
[EventCountry "CAN"]

1. e4 c5 2. Nf3 d6 3. d4 cxd4 4. Nxd4 Nf6 5. Nc3 a6 6. Bg5 e6 7. f4 Be7 8. Qf3
Nbd7 9. O-O-O h6 10. Bh4 g5 11. fxg5 hxg5 12. Bxg5 Ne5 13. Qe2 Nh5 14. Bxe7
Qxe7 15. Rg1 Nf4 16. Qd2 Nfg6 17. h3 Bd7 18. Nb3 O-O-O 19. Qxd6 Qg5+ 20. Qd2
Qg3 21. Bd3 Bc6 22. Ne2 Qh4 23. Qe3 Rd6 24. Nbd4 Nxd3+ 25. cxd3 Ba4 26. Nc2 Kb8
27. Nc3 Bd7 28. Nb4 Rc8 29. g3 Qh8 30. d4 Qd8 31. Kb1 Rc4 32. Nc2 Bc6 33. b3
Qb6 34. Ka1 Bxe4 35. bxc4 Bxc2 36. c5 Qb4 37. cxd6 1-0

[Event "Quebec op U2000"]
[Site "Longueuil CAN"]
[Date "2018.07.25"]
[Round "6.36"]
[White "Turgeon, Yoakim"]
[Black "Duplessis, Claude"]
[Result "0-1"]
[WhiteElo "1825"]
[BlackElo "1712"]
[PlyCount "60"]
[EventDate "2018.07.21"]
[EventType "swiss"]
[EventRounds "9"]
[EventCountry "CAN"]

1. d4 f5 2. e3 Nf6 3. Bd3 e6 4. f4 Be7 5. Nf3 O-O 6. Nbd2 b6 7. Qe2 Bb7 8. e4
fxe4 9. Nxe4 Nd5 10. Neg5 Nxf4 11. Bxh7+ Kh8 12. Bxf4 Rxf4 13. h4 Bxf3 14. gxf3
Nc6 15. O-O-O Bxg5 16. hxg5 Qxg5 17. Rdg1 Rg4+ 18. f4 Rxg1+ 19. Rxg1 Qxg1+ 20.
Kd2 Qxd4+ 21. Bd3 Qxf4+ 22. Kd1 Rf8 23. Qh5+ Qh6 24. Qe2 Nd4 25. Qe4 Nf3 26.
Qb4 Qh1+ 27. Ke2 c5 28. Qc3 Nd4+ 29. Ke3 Rf3+ 30. Ke4 Rf2+ 0-1

[Event "Quebec op U2000"]
[Site "Longueuil CAN"]
[Date "2018.07.25"]
[Round "6.37"]
[White "Sharpe, Michael"]
[Black "Chevalier, Francois"]
[Result "0-1"]
[WhiteElo "1653"]
[BlackElo "1782"]
[PlyCount "92"]
[EventDate "2018.07.21"]
[EventType "swiss"]
[EventRounds "9"]
[EventCountry "CAN"]

1. c4 e6 2. Nc3 d5 3. d4 Nf6 4. Nf3 c6 5. cxd5 exd5 6. Bf4 Bd6 7. Bxd6 Qxd6 8.
h3 O-O 9. e3 Nbd7 10. Bd3 Re8 11. Qc2 Qe7 12. O-O Ne4 13. Rae1 Nf8 14. Nd2 Nxd2
15. Qxd2 Qg5 16. Kh2 f5 17. f4 Qe7 18. Qc2 g6 19. Rf3 Nd7 20. a3 Nf6 21. Rg3
Ne4 22. Nxe4 dxe4 23. Bc4+ Be6 24. Bxe6+ Qxe6 25. h4 Qd5 26. Rc1 Red8 27. Qc4
Qxc4 28. Rxc4 Rd5 29. h5 Kg7 30. hxg6 hxg6 31. Rh3 Rb5 32. Rc2 Rd8 33. Kg1 Rdd5
34. Kf2 Rb3 35. Rh1 Rdb5 36. Rd1 Rxb2 37. Rdd2 Rxc2 38. Rxc2 Kf6 39. a4 Ra5 40.
Rb2 b6 41. Rc2 c5 42. d5 Ke7 43. Rd2 Kd6 44. Ke1 Rxa4 45. Kd1 Ra1+ 46. Ke2 b5
0-1

[Event "Quebec op U2000"]
[Site "Longueuil CAN"]
[Date "2018.07.25"]
[Round "6.38"]
[White "Kay, Sang Kil"]
[Black "Armstrong, Robert J"]
[Result "0-1"]
[WhiteElo "1687"]
[BlackElo "1512"]
[PlyCount "62"]
[EventDate "2018.07.21"]
[EventType "swiss"]
[EventRounds "9"]
[EventCountry "CAN"]

1. d4 f5 2. Bf4 Nf6 3. e3 e6 4. h3 Be7 5. Nd2 O-O 6. Bd3 b6 7. Qf3 d5 8. g4 Ne4
9. Qg2 Bh4 10. Nxe4 fxe4 11. Bxe4 dxe4 12. Qxe4 c6 13. Nf3 Be7 14. Bxb8 Rxb8
15. Qxc6 Bb7 16. Qxe6+ Kh8 17. Ne5 Bd5 18. Qd7 Bxh1 19. f4 Rc8 20. c3 Qxd7 21.
Nxd7 Rfd8 22. Ne5 Kg8 23. g5 Be4 24. h4 Bd6 25. Ng4 Bf5 26. Nf2 Re8 27. Kd2 Re7
28. Re1 Rce8 29. a3 Bxf4 30. Nd3 Rxe3 31. Ne5 R3xe5+ 0-1

[Event "Quebec op U2000"]
[Site "Longueuil CAN"]
[Date "2018.07.25"]
[Round "6.39"]
[White "Pommainville, Roland"]
[Black "Leger, Manon"]
[Result "0-1"]
[WhiteElo "1634"]
[BlackElo "1752"]
[PlyCount "63"]
[EventDate "2018.07.21"]
[EventType "swiss"]
[EventRounds "9"]
[EventCountry "CAN"]

1. Nf3 d5 2. d4 Nf6 3. Bf4 Bf5 4. Nbd2 e6 5. e3 Bd6 6. Bxd6 Qxd6 7. Ne5 O-O 8.
Ndf3 Qb6 9. c3 Qxb2 10. Qc1 Qxc1+ 11. Rxc1 Nbd7 12. Nxd7 Nxd7 13. Nh4 Bg6 14.
Nxg6 hxg6 15. Bd3 c5 16. h4 cxd4 17. cxd4 Rac8 18. Kd2 f5 19. f4 Nf6 20. Rhg1
Kf7 21. Rc2 Rxc2+ 22. Bxc2 Rc8 23. Rc1 Ng4 24. Bd3 Rxc1 25. Kxc1 Nxe3 26. g3
Ke7 27. a4 Ng4 28. Kd2 Nf6 29. Ke2 Ne4 30. Kf3 a6 31. g4 fxg4+ 32. Kxg4 0-1

[Event "Quebec op U2000"]
[Site "Longueuil CAN"]
[Date "2018.07.26"]
[Round "7.26"]
[White "Beaudry, Marc-Andre"]
[Black "Craciun, David"]
[Result "1-0"]
[WhiteElo "1996"]
[BlackElo "1879"]
[PlyCount "100"]
[EventDate "2018.07.21"]
[EventType "swiss"]
[EventRounds "9"]
[EventCountry "CAN"]

1. c4 e6 2. Nc3 d5 3. e3 c6 4. Nf3 Bd6 5. b3 f5 6. Bb2 Nf6 7. Qc2 O-O 8. Be2 a6
9. O-O e5 10. cxd5 cxd5 11. d4 e4 12. Ne5 Qe7 13. Rac1 Nbd7 14. Na4 b5 15. Nxd7
Nxd7 16. Nc5 f4 17. exf4 Bxf4 18. Rce1 Nxc5 19. dxc5 Qg5 20. Qc3 Bd2 21. Qd4 e3
22. f4 Qh6 23. Rd1 Bb7 24. Rf3 Rad8 25. Rg3 Rf7 26. Rf1 Kf8 27. Bd3 Qf6 28.
Rff3 Re8 29. Kf1 e2+ 30. Bxe2 Qxd4 31. Bxd4 Rfe7 32. Be5 d4 33. Rd3 Bxf4 34.
Bxf4 Rxe2 35. Rd2 R2e4 36. Bd6+ Kg8 37. Rgd3 Re1+ 38. Kf2 R1e6 39. h3 Rf6+ 40.
Kg1 Re1+ 41. Kh2 g5 42. Rxd4 h5 43. Bg3 Rc1 44. Rd7 Rff1 45. Be5 Kf8 46. Rxb7
Ke8 47. Kg3 Rce1 48. Bd4 Rf4 49. h4 Ree4 50. Bf2 gxh4+ 1-0

[Event "Quebec op U2000"]
[Site "Longueuil CAN"]
[Date "2018.07.26"]
[Round "7.27"]
[White "De Lagrave, Sylvain"]
[Black "Richard, Leo"]
[Result "1/2-1/2"]
[WhiteElo "1953"]
[BlackElo "1915"]
[PlyCount "75"]
[EventDate "2018.07.21"]
[EventType "swiss"]
[EventRounds "9"]
[EventCountry "CAN"]

1. e4 c5 2. Nf3 d6 3. d4 cxd4 4. Qxd4 Nc6 5. Bb5 Bd7 6. Bxc6 Bxc6 7. Nc3 Nf6 8.
Bg5 e6 9. O-O-O Be7 10. Qd3 Qa5 11. h4 h6 12. Bd2 Qb6 13. Nd4 O-O 14. f3 d5 15.
exd5 Nxd5 16. Nxd5 Bxd5 17. Nf5 Bf6 18. Bc3 exf5 19. Bxf6 Qxf6 20. Qxd5 Rfd8
21. Qc4 Qb6 22. Qe2 Qb4 23. g3 f4 24. a3 Qa4 25. Qe5 Rdc8 26. Rd2 Qc4 27. Rhd1
fxg3 28. Qxg3 Qc7 29. Qg4 Rd8 30. Rg1 f6 31. Qe6+ Kh8 32. Rdg2 Rd7 33. Rg4 Re7
34. Qc4 Qa5 35. Qb4 Qxb4 36. Rxb4 b6 37. Rd1 Rae8 38. Rbd4 1/2-1/2

[Event "Quebec op U2000"]
[Site "Longueuil CAN"]
[Date "2018.07.26"]
[Round "7.28"]
[White "Demers, Alexis"]
[Black "Steinberg, Ellis"]
[Result "0-1"]
[WhiteElo "1686"]
[BlackElo "1801"]
[PlyCount "33"]
[EventDate "2018.07.21"]
[EventType "swiss"]
[EventRounds "9"]
[EventCountry "CAN"]

1. d4 Nf6 2. c4 g6 3. Nc3 Bg7 4. e4 d6 5. Be2 O-O 6. Nf3 e5 7. d5 a5 8. Be3 Na6
9. O-O Nd7 10. Qd2 Ndc5 11. a3 Nb3 12. Qc2 Nxa1 13. Rxa1 f5 14. Bg5 Bf6 15. h4
Nc5 16. exf5 Bxf5 17. Qd2 0-1

[Event "Quebec op U2000"]
[Site "Longueuil CAN"]
[Date "2018.07.26"]
[Round "7.29"]
[White "Marcone, Malcom"]
[Black "Morin, Louis"]
[Result "1-0"]
[WhiteElo "1997"]
[BlackElo "1899"]
[PlyCount "125"]
[EventDate "2018.07.21"]
[EventType "swiss"]
[EventRounds "9"]
[EventCountry "CAN"]

1. d4 d5 2. c4 e6 3. Nf3 Nf6 4. g3 Be7 5. Bg2 O-O 6. O-O Nbd7 7. Qc2 a6 8. Nbd2
Re8 9. e4 dxe4 10. Nxe4 Nxe4 11. Qxe4 Nf6 12. Qc2 c6 13. Rd1 Bd7 14. Ne5 Qc7
15. Qe2 Rad8 16. Bf4 Qc8 17. g4 g6 18. Qf3 Kg7 19. Bg5 Rf8 20. Rd3 Ng8 21. Bxe7
Nxe7 22. Qe3 f6 23. Nxd7 Qxd7 24. Rad1 Ng8 25. f4 Nh6 26. h3 Nf7 27. d5 cxd5
28. cxd5 e5 29. g5 Rc8 30. gxf6+ Kxf6 31. fxe5+ Nxe5 32. Qd4 Qd6 33. Rb3 b5 34.
a4 Rb8 35. Rf1+ Kg7 36. Re1 Rf5 37. axb5 axb5 38. Rbe3 Re8 39. b4 Qf6 40. Kh1
Kh6 41. d6 Re6 42. Qc5 Rxd6 43. Rxe5 Rd1 44. Qe3+ Qg5 45. Rxd1 Rxe5 46. Qxg5+
Kxg5 47. Rd5 Kf4 48. Rxe5 Kxe5 49. Kh2 Kd4 50. Kg3 Kc3 51. Kf4 Kxb4 52. Bd5 Kc5
53. Ke5 g5 54. Bf7 Kc6 55. Kf6 h6 56. Kg6 Kd6 57. Kxh6 Ke7 58. Kg7 b4 59. Bb3
Ke8 60. Bf7+ Ke7 61. Kg6 Kf8 62. Bb3 g4 63. hxg4 1-0

[Event "Quebec op U2000"]
[Site "Longueuil CAN"]
[Date "2018.07.26"]
[Round "7.30"]
[White "Guipi Bopala, Prince Eric jr"]
[Black "Hadji Ghanbari, Nader"]
[Result "0-1"]
[WhiteElo "1796"]
[BlackElo "1895"]
[PlyCount "76"]
[EventDate "2018.07.21"]
[EventType "swiss"]
[EventRounds "9"]
[EventCountry "CAN"]

1. d4 Nf6 2. c4 c5 3. d5 b5 4. cxb5 a6 5. b6 d6 6. Nc3 Nbd7 7. e4 g6 8. Nf3 Bg7
9. Bd3 O-O 10. O-O Qxb6 11. Qe2 Ng4 12. h3 Nge5 13. Nxe5 Nxe5 14. f4 Nxd3 15.
Qxd3 c4+ 16. Qe3 Bd4 17. Nd1 Bxe3+ 18. Bxe3 Qb7 19. Rf2 Bd7 20. Nc3 f6 21. Rc1
Rac8 22. Rfc2 Qb4 23. Rf2 Qa5 24. Rd2 Rb8 25. Rf2 Rb7 26. Re2 Rfb8 27. Rcc2 Kf7
28. Rcd2 Rxb2 29. Rxb2 Rxb2 30. Rxb2 Qxc3 31. Re2 Qd3 32. Kf2 Qxe4 33. Rd2 c3
34. Rd4 Qc2+ 35. Kf3 Bb5 36. Bf2 Qe2+ 37. Kg3 c2 38. a4 Bd3 0-1

[Event "Quebec op U2000"]
[Site "Longueuil CAN"]
[Date "2018.07.26"]
[Round "7.31"]
[White "Zhang, Hou Han"]
[Black "Robillard, Jean-Philippe"]
[Result "1-0"]
[WhiteElo "1770"]
[BlackElo "1819"]
[PlyCount "121"]
[EventDate "2018.07.21"]
[EventType "swiss"]
[EventRounds "9"]
[EventCountry "CAN"]

1. Nf3 Nf6 2. g3 c5 3. Bg2 d5 4. O-O Nc6 5. c4 e6 6. cxd5 exd5 7. d4 h6 8. Nc3
Be6 9. Bf4 a6 10. Rc1 g5 11. Be5 Nxe5 12. dxe5 Nd7 13. Nxd5 Rc8 14. Nf6+ Nxf6
15. exf6 Qxf6 16. Qa4+ Bd7 17. Qe4+ Be7 18. Qxb7 Qc6 19. Qb3 Qb5 20. Qc3 O-O
21. Nd2 Be6 22. Ne4 f5 23. Qe5 Qb6 24. Nc3 Bf6 25. Qe3 Rfd8 26. Na4 Qd6 27.
Nxc5 Bxa2 28. Nb7 Qd4 29. Nxd8 Qxe3 30. fxe3 Rxd8 31. Rxf5 Bxb2 32. Rc6 Ra8 33.
Rb6 Bc1 34. Bxa8 Bxe3+ 35. Kg2 Bxb6 36. Bd5+ Bxd5+ 37. Rxd5 Bc7 38. Rf5 a5 39.
e4 a4 40. e5 a3 41. e6 Bd6 42. Ra5 Kg7 43. Ra6 Be7 44. Kf3 Kf6 45. Ke4 Bc5 46.
Kd5 Be7 47. g4 Bb4 48. Ra4 Bf8 49. Re4 Ke7 50. Re3 Kd8 51. Rf3 Be7 52. Rf2 Bb4
53. Rf7 Be7 54. Rf1 Kc7 55. Rc1+ Kb6 56. Ke5 Bc5 57. Rc2 Be7 58. Kf5 Kb5 59.
Kg6 Kb4 60. Kf7 Kb3 61. Re2 1-0

[Event "Quebec op U2000"]
[Site "Longueuil CAN"]
[Date "2018.07.26"]
[Round "7.32"]
[White "Duplessis, Claude"]
[Black "Lalumiere, Claude"]
[Result "0-1"]
[WhiteElo "1712"]
[BlackElo "1923"]
[PlyCount "34"]
[EventDate "2018.07.21"]
[EventType "swiss"]
[EventRounds "9"]
[EventCountry "CAN"]

1. e4 c5 2. Nc3 d6 3. f4 Nc6 4. Nf3 g6 5. Bc4 Bg7 6. O-O e6 7. f5 exf5 8. d3
Nge7 9. Bg5 h6 10. Bh4 g5 11. Bxg5 hxg5 12. Nxg5 Bd4+ 13. Kh1 Ne5 14. Nd5 Nxd5
15. Bxd5 Qxg5 16. exf5 Rxh2+ 17. Kxh2 Qh4# 0-1

[Event "Quebec op U2000"]
[Site "Longueuil CAN"]
[Date "2018.07.26"]
[Round "7.33"]
[White "Mangahas, Ronald"]
[Black "Desmarais, Serge"]
[Result "1-0"]
[WhiteElo "1890"]
[BlackElo "1626"]
[PlyCount "45"]
[EventDate "2018.07.21"]
[EventType "swiss"]
[EventRounds "9"]
[EventCountry "CAN"]

1. e4 e6 2. d4 d5 3. Nc3 Nf6 4. Bd3 c5 5. exd5 Nxd5 6. Nf3 Nc6 7. dxc5 Nxc3 8.
bxc3 Bxc5 9. O-O O-O 10. Bxh7+ Kxh7 11. Ng5+ Kg6 12. Qg4 f5 13. Qg3 Bd6 14. f4
Kf6 15. Be3 Rh8 16. Rad1 Qe7 17. Rf2 Na5 18. Bd4+ e5 19. fxe5+ Bxe5 20. Bxe5+
Kg6 21. Rd6+ Kh5 22. Qh3+ Kxg5 23. Bf4# 1-0

[Event "Quebec op U2000"]
[Site "Longueuil CAN"]
[Date "2018.07.26"]
[Round "7.34"]
[White "Parenteau, Francois"]
[Black "Selling, Edward"]
[Result "1-0"]
[WhiteElo "1884"]
[BlackElo "1845"]
[PlyCount "69"]
[EventDate "2018.07.21"]
[EventType "swiss"]
[EventRounds "9"]
[EventCountry "CAN"]

1. d4 d5 2. c4 c6 3. Nf3 Nf6 4. Nc3 e6 5. Bg5 Be7 6. e3 Nbd7 7. Bd3 dxc4 8.
Bxc4 O-O 9. e4 Nb6 10. Bb3 h6 11. Bxf6 Bxf6 12. e5 Be7 13. Qd3 Nd5 14. Nxd5
cxd5 15. Bc2 g6 16. h4 f5 17. exf6 Rxf6 18. h5 Rf5 19. hxg6 Bg5 20. O-O Kg7 21.
Rfe1 Qf8 22. Re5 Bf4 23. Rxf5 Qxf5 24. Qe2 Qf6 25. g3 Bd6 26. Kg2 Bd7 27. Rh1
Rf8 28. Qe3 Rh8 29. Rh5 a6 30. Nh4 b5 31. f4 a5 32. Nf3 Be8 33. f5 Bd7 34. Ne5
Be8 35. Ng4 1-0

[Event "Quebec op U2000"]
[Site "Longueuil CAN"]
[Date "2018.07.26"]
[Round "7.35"]
[White "Chevalier, Francois"]
[Black "Weston, Paul"]
[Result "1-0"]
[WhiteElo "1782"]
[BlackElo "1886"]
[PlyCount "63"]
[EventDate "2018.07.21"]
[EventType "swiss"]
[EventRounds "9"]
[EventCountry "CAN"]

1. d4 d5 2. Bf4 Nf6 3. e3 c5 4. Nd2 Nc6 5. c3 cxd4 6. exd4 Bf5 7. Ngf3 e6 8.
Qb3 Qc8 9. Be2 h6 10. O-O Be7 11. Rac1 O-O 12. c4 Be4 13. Rfd1 Bxf3 14. Nxf3
dxc4 15. Rxc4 Nd5 16. Bg3 Bf6 17. Ne5 Bxe5 18. Bxe5 Qd7 19. Qg3 Nxe5 20. dxe5
Rac8 21. Rg4 g6 22. h4 Rfd8 23. h5 g5 24. f4 Qc7 25. fxg5 Qb6+ 26. Rgd4 Kh8 27.
Kh2 Rg8 28. g6 fxg6 29. hxg6 Rcf8 30. Bf3 Ne3 31. Rd7 Nf5 32. Rh7# 1-0

[Event "Quebec op U2000"]
[Site "Longueuil CAN"]
[Date "2018.07.26"]
[Round "7.36"]
[White "Armstrong, Robert J"]
[Black "Samson, Gaetan"]
[Result "0-1"]
[WhiteElo "1512"]
[BlackElo "1755"]
[PlyCount "58"]
[EventDate "2018.07.21"]
[EventType "swiss"]
[EventRounds "9"]
[EventCountry "CAN"]

1. g3 Nf6 2. Bg2 g6 3. c4 Bg7 4. Qb3 c6 5. Nc3 O-O 6. d3 Na6 7. d4 e6 8. Bg5 h6
9. Bxf6 Bxf6 10. Rd1 d5 11. cxd5 exd5 12. e3 Qe7 13. Nge2 Bf5 14. O-O h5 15. a3
h4 16. Rfe1 Kg7 17. e4 dxe4 18. d5 Nc5 19. Qa2 Rh8 20. b4 Nd3 21. Rf1 e3 22. f3
hxg3 23. Nxg3 e2 24. Nxf5+ gxf5 25. Qxe2 Bd4+ 26. Kh1 Rxh2+ 27. Kxh2 Rh8+ 28.
Bh3 Rxh3+ 29. Kxh3 Nf4+ 0-1

[Event "Quebec op U2000"]
[Site "Longueuil CAN"]
[Date "2018.07.26"]
[Round "7.37"]
[White "Messier, David"]
[Black "Leger, Manon"]
[Result "0-1"]
[WhiteElo "1826"]
[BlackElo "1752"]
[PlyCount "46"]
[EventDate "2018.07.21"]
[EventType "swiss"]
[EventRounds "9"]
[EventCountry "CAN"]

1. e4 e5 2. Nf3 Nf6 3. Nxe5 d6 4. Nf3 Nxe4 5. Nc3 Nxc3 6. dxc3 Be7 7. Be3 Nc6
8. Qd2 Be6 9. O-O-O Qd7 10. Kb1 a6 11. Nd4 Nxd4 12. Qxd4 Bf6 13. Qe4 O-O 14.
Bd3 g6 15. Bh6 Rfe8 16. Qf4 Be5 17. Qg5 Qa4 18. c4 Qb4 19. Qc1 Bxc4 20. f4 Bg7
21. Bxg7 Kxg7 22. f5 f6 23. Qf4 Bxa2+ 0-1

[Event "Quebec op U2000"]
[Site "Longueuil CAN"]
[Date "2018.07.26"]
[Round "7.38"]
[White "Pommainville, Roland"]
[Black "Sharpe, Michael"]
[Result "1-0"]
[WhiteElo "1634"]
[BlackElo "1653"]
[PlyCount "67"]
[EventDate "2018.07.21"]
[EventType "swiss"]
[EventRounds "9"]
[EventCountry "CAN"]

1. Nf3 Nf6 2. d4 e6 3. Bg5 Be7 4. Nbd2 d5 5. e3 O-O 6. Bd3 Re8 7. c3 Nbd7 8. h4
c5 9. Qc2 Nf8 10. Ne5 c4 11. Be2 N6d7 12. Bxe7 Qxe7 13. Ndf3 f6 14. Nxd7 Bxd7
15. g4 e5 16. dxe5 fxe5 17. Nh2 Qxh4 18. O-O-O Be6 19. Nf3 Qf6 20. Rdg1 Bf7 21.
Nh4 Rac8 22. g5 Qd6 23. Nf5 Qc7 24. Bh5 g6 25. Nh6+ Kg7 26. Bf3 Be6 27. Bg4 Qe7
28. Bxe6 Nxe6 29. Ng4 Nxg5 30. Rh6 e4 31. Qd2 Nf3 32. Rgh1 Nxd2 33. Rxh7+ Kg8
34. Rh8+ 1-0

[Event "Quebec op U2000"]
[Site "Longueuil CAN"]
[Date "2018.07.27"]
[Round "8.26"]
[White "Steinberg, Ellis"]
[Black "Craciun, David"]
[Result "1/2-1/2"]
[WhiteElo "1801"]
[BlackElo "1879"]
[PlyCount "35"]
[EventDate "2018.07.21"]
[EventType "swiss"]
[EventRounds "9"]
[EventCountry "CAN"]

1. e4 e5 2. Nf3 Nc6 3. Bb5 Bb4 4. c3 Ba5 5. O-O Nge7 6. d4 exd4 7. cxd4 d5 8.
exd5 Qxd5 9. Qa4 O-O 10. Nc3 Bxc3 11. bxc3 Bg4 12. Be2 Rfe8 13. Re1 Nf5 14. Bd2
Rxe2 15. Rxe2 Bxf3 16. gxf3 Qxf3 17. Qd1 Nh4 18. Qf1 1/2-1/2

[Event "Quebec op U2000"]
[Site "Longueuil CAN"]
[Date "2018.07.27"]
[Round "8.27"]
[White "Beaudry, Marc-Andre"]
[Black "Marcone, Malcom"]
[Result "0-1"]
[WhiteElo "1996"]
[BlackElo "1997"]
[PlyCount "42"]
[EventDate "2018.07.21"]
[EventType "swiss"]
[EventRounds "9"]
[EventCountry "CAN"]

1. c4 e5 2. Nc3 Nf6 3. Nf3 Nc6 4. e3 Bb4 5. Qc2 O-O 6. Nd5 Re8 7. Qf5 d6 8.
Nxf6+ gxf6 9. Qh5 d5 10. Bd3 e4 11. cxd5 Bf8 12. a3 exd3 13. dxc6 bxc6 14. b4
a5 15. Bb2 axb4 16. axb4 Rb8 17. O-O Rxb4 18. Bc3 Rg4 19. Ra5 c5 20. Ra8 Rg6
21. Qh4 Qd5 0-1

[Event "Quebec op U2000"]
[Site "Longueuil CAN"]
[Date "2018.07.27"]
[Round "8.28"]
[White "Richard, Leo"]
[Black "Zhang, Hou Han"]
[Result "1/2-1/2"]
[WhiteElo "1915"]
[BlackElo "1770"]
[PlyCount "119"]
[EventDate "2018.07.21"]
[EventType "swiss"]
[EventRounds "9"]
[EventCountry "CAN"]

1. e4 c5 2. Nf3 Nc6 3. d4 cxd4 4. Nxd4 g6 5. Nc3 Bg7 6. Be3 Nf6 7. Bc4 O-O 8.
Bb3 a5 9. O-O a4 10. Nxa4 Nxe4 11. f3 Nf6 12. Nxc6 bxc6 13. c3 d5 14. Re1 Nd7
15. Nc5 Nxc5 16. Bxc5 Re8 17. Qd2 e5 18. Rad1 Bf5 19. a4 Rb8 20. Ba2 Qa5 21. b4
Qxa4 22. Bb1 Bxb1 23. Rxb1 Ra8 24. Red1 Qa2 25. Qxa2 Rxa2 26. b5 Ra5 27. Bd6
Rxb5 28. Rxb5 cxb5 29. Bc5 d4 30. cxd4 exd4 31. Kf2 Rc8 32. Bxd4 Rd8 33. Ke3 b4
34. Rd2 Bxd4+ 35. Rxd4 Rxd4 36. Kxd4 Kg7 37. Kc4 Kf6 38. Kxb4 Ke5 39. Kc3 Kf4
40. Kd2 h5 41. Ke2 h4 42. Kf2 Ke5 43. Ke3 g5 44. g3 hxg3 45. hxg3 Kd5 46. g4
Ke5 47. Kf2 Kf4 48. Kg2 Ke3 49. Kg3 Ke2 50. f4 f6 51. fxg5 fxg5 52. Kh3 Kf3 53.
Kh2 Kxg4 54. Kg2 Kf4 55. Kf2 g4 56. Kg2 g3 57. Kg1 Kg5 58. Kg2 Kh4 59. Kg1 Kh3
60. Kh1 1/2-1/2

[Event "Quebec op U2000"]
[Site "Longueuil CAN"]
[Date "2018.07.27"]
[Round "8.29"]
[White "Lalumiere, Claude"]
[Black "De Lagrave, Sylvain"]
[Result "0-1"]
[WhiteElo "1923"]
[BlackElo "1953"]
[PlyCount "172"]
[EventDate "2018.07.21"]
[EventType "swiss"]
[EventRounds "9"]
[EventCountry "CAN"]

1. e4 c5 2. Nf3 d6 3. d4 cxd4 4. Nxd4 Nf6 5. Nc3 a6 6. Bg5 e6 7. f4 b5 8. Bd3
Nbd7 9. Bh4 Qc7 10. a3 Bb7 11. Qe2 Rc8 12. O-O Be7 13. Rad1 Nc5 14. Kh1 d5 15.
exd5 Nxd5 16. Nxd5 Bxd5 17. Bxe7 Qxe7 18. Rf2 Nxd3 19. Qxd3 O-O 20. f5 Qh4 21.
Qe3 Rfd8 22. fxe6 fxe6 23. Rfd2 Qg4 24. Qe2 Qxe2 25. Nxe2 Rf8 26. Nc3 Bc6 27.
Kg1 Rf6 28. Rd8+ Rxd8 29. Rxd8+ Kf7 30. Rd6 e5 31. Rxf6+ gxf6 32. g3 f5 33. Kf2
a5 34. Ke3 Kf6 35. Nd1 Be4 36. c3 Bc2 37. Nf2 Ke6 38. Kd2 Bb1 39. Kc1 Ba2 40.
Kc2 a4 41. Kd3 Bb1+ 42. Kd2 Kd5 43. Kc1 Ba2 44. Kd2 Bb1 45. Kc1 Be4 46. Kd2 f4
47. gxf4 exf4 48. Nh3 Ke5 49. Nf2 Kf5 50. Ke2 Bb1 51. Kf3 h6 52. Ke2 Ba2 53.
Kf3 Bd5+ 54. Ke2 Bc4+ 55. Kd2 h5 56. Ke1 f3 57. Kd2 Kf4 58. Nh3+ Kg4 59. Nf2+
Kf4 60. Nh3+ Ke5 61. Ke3 Be2 62. Nf2 Kd5 63. Ne4 Kc4 64. Nd2+ Kd5 65. h4 Bd1
66. Nxf3 Bxf3 67. Kxf3 Kc4 68. Kf4 Kb3 69. Kg5 Kxb2 70. Kxh5 Kxa3 71. Kg6 Kb3
72. h5 a3 73. h6 a2 74. h7 a1=Q 75. h8=Q Qxc3 76. Qg8+ Kb2 77. Qd5 b4 78. Kf5
b3 79. Ke6 Qc2 80. Qd4+ Kb1 81. Qg1+ Qc1 82. Qd4 Qc8+ 83. Ke7 Qc7+ 84. Ke6 Qc6+
85. Ke7 b2 86. Qb4 Kc2 0-1

[Event "Quebec op U2000"]
[Site "Longueuil CAN"]
[Date "2018.07.27"]
[Round "8.30"]
[White "Hadji Ghanbari, Nader"]
[Black "Parenteau, Francois"]
[Result "1-0"]
[WhiteElo "1895"]
[BlackElo "1884"]
[PlyCount "77"]
[EventDate "2018.07.21"]
[EventType "swiss"]
[EventRounds "9"]
[EventCountry "CAN"]

1. e4 c5 2. Nf3 g6 3. g3 Bg7 4. Bg2 Nc6 5. O-O e5 6. Nc3 Nge7 7. Nd5 O-O 8. d3
Nxd5 9. exd5 Ne7 10. Nd2 d6 11. Rb1 f5 12. b4 b6 13. bxc5 bxc5 14. Nc4 Ba6 15.
Na3 Qa5 16. c4 Rfb8 17. Qc2 h6 18. Bf3 Kh7 19. Rb3 g5 20. Bd2 Qd8 21. h3 Bc8
22. Rfb1 Rxb3 23. Rxb3 Ng8 24. Qb1 Qc7 25. Rb5 Ba6 26. Ba5 Qd7 27. Rb3 Bf6 28.
g4 Kh8 29. gxf5 Qxf5 30. Bg4 Qf4 31. Qe1 Bd8 32. Bd2 Qf8 33. Nb5 Nf6 34. Be6
Bc8 35. Bxc8 Rxc8 36. Nxa7 Rc7 37. Nc6 g4 38. Qe3 Rh7 39. Rb8 1-0

[Event "Quebec op U2000"]
[Site "Longueuil CAN"]
[Date "2018.07.27"]
[Round "8.31"]
[White "Mangahas, Ronald"]
[Black "Demers, Alexis"]
[Result "1-0"]
[WhiteElo "1890"]
[BlackElo "1686"]
[PlyCount "45"]
[EventDate "2018.07.21"]
[EventType "swiss"]
[EventRounds "9"]
[EventCountry "CAN"]

1. e4 c5 2. Nf3 d6 3. d4 cxd4 4. Nxd4 Nf6 5. Nc3 a6 6. Bc4 Qc7 7. Bb3 e6 8. O-O
Be7 9. a4 b6 10. Be3 Bb7 11. f4 O-O 12. Qf3 Nc6 13. f5 exf5 14. Nxf5 Ne5 15.
Qg3 Ng6 16. Bd4 Bxe4 17. Nxe7+ Qxe7 18. Rae1 d5 19. Rxf6 gxf6 20. Nxd5 Qe6 21.
Nxf6+ Kh8 22. Rxe4 Ra7 23. Qh3 1-0

[Event "Quebec op U2000"]
[Site "Longueuil CAN"]
[Date "2018.07.27"]
[Round "8.32"]
[White "Morin, Louis"]
[Black "Robillard, Jean-Philippe"]
[Result "1-0"]
[WhiteElo "1899"]
[BlackElo "1819"]
[PlyCount "55"]
[EventDate "2018.07.21"]
[EventType "swiss"]
[EventRounds "9"]
[EventCountry "CAN"]

1. e4 e6 2. Nf3 d5 3. e5 c5 4. b4 c4 5. c3 f6 6. d3 cxd3 7. Bxd3 Be7 8. O-O Bd7
9. Re1 b5 10. Na3 a6 11. Nc2 Nc6 12. Qe2 Rc8 13. Bd2 Nxe5 14. Nxe5 fxe5 15.
Qxe5 Nf6 16. Nd4 Qb6 17. Nxe6 Qxe6 18. Qxe6 Bxe6 19. Rxe6 Ra8 20. Rae1 Ra7 21.
Be3 Rd7 22. Bc5 Ng8 23. Rxa6 Rb7 24. Ra8+ Kf7 25. Bxe7 Rxe7 26. Rxe7+ Kxe7 27.
Bxb5 h5 28. a4 1-0

[Event "Quebec op U2000"]
[Site "Longueuil CAN"]
[Date "2018.07.27"]
[Round "8.33"]
[White "Samson, Gaetan"]
[Black "Chevalier, Francois"]
[Result "1-0"]
[WhiteElo "1755"]
[BlackElo "1782"]
[PlyCount "75"]
[EventDate "2018.07.21"]
[EventType "swiss"]
[EventRounds "9"]
[EventCountry "CAN"]

1. e4 e5 2. Nf3 Nc6 3. Bb5 g6 4. c3 a6 5. Bc4 Bg7 6. O-O Nf6 7. d3 O-O 8. Re1
d6 9. a4 Qe7 10. Bg5 Be6 11. Nbd2 h6 12. Bh4 Kh7 13. d4 Bxc4 14. Nxc4 Qe8 15.
d5 Nb8 16. a5 Nbd7 17. b4 Ng8 18. Qd3 f6 19. h3 Ne7 20. Ne3 Qf7 21. Rac1 h5 22.
c4 b6 23. axb6 cxb6 24. Re2 Bh6 25. Ra1 g5 26. Bg3 h4 27. Bh2 Rg8 28. Rea2 Ng6
29. Rxa6 Rad8 30. Ra7 Nf4 31. Bxf4 gxf4 32. Ng4 Qg6 33. Nxh4 Qg5 34. Nf5 Bf8
35. Ra8 Rxa8 36. Rxa8 Qh5 37. Ra7 Qf7 38. Rxd7 1-0